Normal view
MARC view
Entry Personal Name
001 - CONTROL NUMBER
- control field: 18194
003 - CONTROL NUMBER IDENTIFIER
- control field: ARRUPE
005 - DATE AND TIME OF LATEST TRANSACTION
- control field: 20150715173613.0
008 - FIXED-LENGTH DATA ELEMENTS
- fixed length control field: 150715|| aca||aabn | a|a d
040 ## - CATALOGING SOURCE
- Original cataloging agency: ARRUPE
- Transcribing agency: ARRUPE
100 ## - HEADING--PERSONAL NAME
- Personal name: Kriger, Norma J.
670 ## - SOURCE DATA FOUND
- Source citation: Work cat.: (ARRUPE)0: Kriger, Norma J., Guerrilla veterans in post-war Zimbabwe :, 2003.